Taylor Swift mystery lyrics #25 - Statistics

General Stats
  • This quiz has been taken 100 times
    78 since last reset
  • The average score is 139 of 244
Answer Stats
Answer % Correct
the
100%
you
100%
You
100%
a
98%
I
98%
me
97%
your
97%
In
95%
in
95%
where
95%
Where
95%
My
92%
my
92%
when
92%
and
91%
And
91%
love
91%
be
89%
is
89%
to
89%
like
88%
that
86%
we're
85%
They
83%
too
83%
I'm
82%
of
82%
there
82%
would
82%
I'll
78%
but
77%
just
77%
Just
77%
are
72%
by
71%
up
71%
every
69%
Oh
65%
see
65%
their
60%
back
58%
they're
58%
from
55%
nights
51%
everything
49%
heart
48%
out
45%
Baby
43%
baby
43%
come
43%
eyes
40%
people
38%
There's
38%
under
38%
Under
38%
isn't
37%
tree
37%
yeah
37%
Christmas
35%
light
35%
wanna
35%
blue
34%
farm
34%
home
34%
close
31%
dreams
31%
takes
31%
telling
29%
dance
28%
little
28%
mistletoe
28%
remind
28%
lights
26%
being
25%
comes
25%
feeling
25%
fire
25%
true
25%
watching
25%
wish
25%
world
25%
alone
23%
glow
23%
holly
23%
Merry
23%
somewhere
23%
sparkling
23%
taken
23%
We'd
23%
winter
23%
arms
22%
coats
22%
else
22%
magic
22%
mittens
22%
forgiven
20%
holiday
20%
icy
20%
Mistakes
20%
ribbon
20%
tonight
20%
barn
18%
cold
18%
shopping
18%
static
18%
Sweet
18%
traffic
18%
pretend
17%
run
17%
cider
15%
flow
15%
snow
15%
stress
15%
town
15%
Bundled
14%
dreaming
14%
safe
14%
fair
12%
sleighs
12%
warm
12%
kids
11%
blanket
9%
inside
9%
wake
8%
No matching quizzes found
Score Distribution
Percent of People with Each Score
Percentile by Number Answered
Your Score History
You have not taken this quiz since the last reset